Zmeny EEG aktivity pri liečbe klozapínom

Bibliographic Details
Main Authors: Novotný, Vladimír, 1946-2012 (Author), Kolibáš, Eduard, 1938- (Author)
Format: Article
Language:Slovak
PhysicalDescription:Grafy, tab.
ISSN:1212-0383
Subjects:

MARC

LEADER 00000nab a2200000 a 4500
001 vtls001563832
003 SK-MaSNL
005 20260304141936.0
008 250505c2005 xo 0 slo
015 |a SNBCL2005/2 
035 |a SLK032230 
035 |a urn:nbn:sk:snk-abaexw 
035 |a (urnnbn)urn:nbn:sk:snk:ar-008h9b 
035 |a (uuid)20a880d2-b6c0-4792-896b-3400e5f502cc 
040 |a SNKBUCL  |b slo  |c SNKBUCL  |e AACR2 
041 0 |a slo  |b eng  |b slo 
044 |a xo  |c SK 
080 |a 615.214.2:616.853  |2 1981 
100 1 |a Novotný, Vladimír,  |d 1946-2012  |4 aut  |9 201645 
245 1 0 |a Zmeny EEG aktivity pri liečbe klozapínom  |c V. Novotný, E. Kolibáš 
246 1 0 |a Alterations during clozapine therapy 
246 1 1 |a Alterations during clozapine therapy 
300 |b Grafy, tab. 
504 |a Res. angl., slov. 
504 |a Bibliogr. odkazy 
650 0 7 |a antipsychotiká  |x klasifikácia  |2 MESH  |9 1432139 
650 0 7 |a klozapín  |x aplikácia a dávkovanie  |2 MESH  |9 1459938 
650 0 7 |a elektroencefalografia  |x účinky nežiadúce  |2 MESH  |9 1460721 
650 0 7 |a epilepsia  |x komplikácie  |2 MESH  |9 868944 
650 0 7 |a spôsoby aplikácie lieku  |2 MESH  |9 873968 
700 1 |a Kolibáš, Eduard,  |d 1938-  |4 aut  |9 13608 
773 0 |t Česká a slovenská psychiatrie  |g Roč. 101, č. 1 (2005), s. 21-27  |x 1212-0383 
850 |a Slovenská národná knižnica 
852 |a Slovenská národná knižnica 
954 |a odborná, vedecká literatúra pôvodná (slovenská)  |2 lita 
958 |a article14 
958 |a OND 
958 |a EUIPO 
999 |c 2920003  |d 2921933